000 00875nam a2200253 a 4500
001 000002497
005 20200929150211.0
008 090702s1989 es 001 0 spa d
020 _a8486168406
040 _aDO-SdBNP
_bspa
_cBNPHU
041 1 7 _aepa
_2fre
100 1 _aFijalkow, Jacques
_97863
240 1 0 _aMauvais lecteurs. Pourquoi?
245 1 0 _aMalos lectores :
_b¿por qué? /
_cJacques Fijalkow ; traducción Judith Dellepiane de Rama.
260 _aMadrid :
_bFundación Germán Sánchez Ruipérez
_bPirámides,
_c1989.
300 _a270 p. ;
_c21 cm.
490 1 _aBiblioteca del Libro
500 _aIncluye índice
500 _aIncluye notas al pie de las paginas
500 _aIncluye datos biográficos del autor en la solapa
504 _aBibliografía : p. 217-270
700 1 _aEllepiane de Rama, Judith
_97864
830 0 _aBiblioteca del libro
_97397
999 _c2333
_d2333